PRINCIPLES OF AGRONOMY (Record no. 25681)
[ view plain ]
| 000 -LEADER | |
|---|---|
| fixed length control field | 00329nam a22001577a 4500 |
| 003 - CONTROL NUMBER IDENTIFIER | |
| control field | SGT |
| 020 ## - INTERNATIONAL STANDARD BOOK NUMBER | |
| International Standard Book Number | 978-93-272-9794-2 |
| 082 ## - DEWEY DECIMAL CLASSIFICATION NUMBER | |
| Classification number | 630 |
| Item number | RED |
| 100 ## - MAIN ENTRY--PERSONAL NAME | |
| Personal name | REDDY, S.R. |
| 245 ## - TITLE STATEMENT | |
| Title | PRINCIPLES OF AGRONOMY |
| 250 ## - EDITION STATEMENT | |
| Edition statement | 6TH |
| 260 ## - PUBLICATION, DISTRIBUTION, ETC. (IMPRINT) | |
| Place of publication, distribution, etc | DELHI |
| Name of publisher, distributor, etc | KALYANI |
| Year of Publication | 2023 |
| 300 ## - PAGE DESCRIPTION | |
| No. of Pages | 821 |
| 650 ## - SUBJECT ADDED ENTRY--TOPICAL TERM | |
| Topical term or geographic name as entry element | AGRONOMY |
| 942 ## - ADDED ENTRY ELEMENTS (KOHA) | |
| Source of classification or shelving scheme | Dewey Decimal Classification |
| Koha item type | Books |
| 942 ## - ADDED ENTRY ELEMENTS (KOHA) | |
| -- | 5 |
| Withdrawn status | Lost status | Source of classification or shelving scheme | Damaged status | Not for loan | Home library | Current library | Shelving location | Date acquired | Vendor Name | Cost, normal purchase price | SGTU | Bill Number | Total Checkouts | Full call number | Accession No. (Barcode) | Date last seen | Date last borrowed | Bill Date | Koha item type |
|---|---|---|---|---|---|---|---|---|---|---|---|---|---|---|---|---|---|---|---|
| Dewey Decimal Classification | SGT Science & Social Sciences Library | SGT Science & Social Sciences Library | Text Book | 20/02/2024 | KALYANI | 625.00 | SGTU | 2140 | 4 | 630 RED | AG2336 | 01/12/2025 | 18/11/2025 | Books | |||||
| Dewey Decimal Classification | Not For Loan | SGT Science & Social Sciences Library | SGT Science & Social Sciences Library | Reference Book | 20/02/2024 | KALYANI | 625.00 | SGTU | 2140 | 630 RED | AG2337 | 20/02/2024 | Books | ||||||
| Dewey Decimal Classification | SGT Science & Social Sciences Library | SGT Science & Social Sciences Library | Text Book | 20/02/2024 | KALYANI | 625.00 | SGTU | 2140 | 2 | 630 RED | AG2338 | 18/06/2025 | 08/05/2025 | Books | |||||
| Dewey Decimal Classification | SGT Science & Social Sciences Library | SGT Science & Social Sciences Library | Text Book | 20/02/2024 | KALYANI | 625.00 | SGTU | 2140 | 2 | 630 RED | AG2339 | 17/09/2024 | 04/09/2024 | Books | |||||
| Dewey Decimal Classification | SGT Science & Social Sciences Library | SGT Science & Social Sciences Library | Text Book | 20/02/2024 | KALYANI | 625.00 | SGTU | 2140 | 4 | 630 RED | AG2340 | 03/11/2025 | 30/08/2025 | Books |